Enzyme engineering: papers in part from the Engeneering Foundation Conference on Enzyme Engineering

Guardat en:
Dades bibliogràfiques
Autor principal: Wingard, Lemuel B (Autor)
Format: Llibre
Idioma:anglès
Publicat: Nueva York John Wiley 1972
Col·lecció:Biotechnology and Bioengineering Symposium, 3
Matèries:
Etiquetes: Afegir etiqueta
Sense etiquetes, Sigues el primer a etiquetar aquest registre!

MARC

LEADER 00000nam a2200000 a 4500
001 UCU4712
003 CL-VaPUC
005 20210318001309.0
008 960524e19720000us 1 eng d
082 0 4 |a 660.6  |b WIN  |2 21 
100 1 |a Wingard, Lemuel B  |e author  |9 617780 
245 1 0 |a Enzyme engineering: papers in part from the Engeneering Foundation Conference on Enzyme Engineering 
260 |a Nueva York  |b John Wiley  |c 1972 
300 |a v 
490 0 |a Biotechnology and Bioengineering Symposium, 3 
583 |a last modification  |c 19960524 00:00:00  |k Rodrigo Vera 
650 0 0 |a Biotecnología   |9 259561 
650 0 0 |a Bioquímica   |9 259492 
650 0 0 |a Enzimas  |9 262984 
650 0 7 |a ENZIMOLOGIA  |2 CL-VaPUC  |9 263051 
650 0 7 |a PRODUCTOS QUIMICOS ORGANICOS  |2 CL-VaPUC  |9 344420 
942 |c BK 
945 |a paguirre  |d 19960524 00:00:00 
546 |a En Inglés 
518 |p Engineering Foundation Conference on Enzyme Engineering, Henniker, 9 al 13 de Agosto de 1971 
999 |c 382636  |d 382634 
952 |0 0  |1 0  |4 0  |6 660_600000000000000_WIN_1972  |7 0  |8 A  |9 504431  |a BIBING  |b BIBING  |d 2020-01-23  |h v.3  |i 2607565  |o 660.6 WIN 1972  |p 2607565  |r 2025-01-20  |w 2020-01-23  |y BK  |k EIB